| 000 | 02596cam a22004334a 4500 | ||
|---|---|---|---|
| 001 | 12508500 | ||
| 003 | OSt | ||
| 005 | 20260410071749.0 | ||
| 008 | 010821s2002 enkb b 001 0 eng | ||
| 010 | _a 2001044719 | ||
| 020 | _a0333964381 | ||
| 020 | _a9780333964385 | ||
| 035 | _a12508500 | ||
| 040 |
_aDLC _cDLC _dDLC |
||
| 042 | _apcc | ||
| 050 | 0 | 0 |
_aHD87 _b.P74 2002 |
| 082 | 0 | 0 |
_a361.2/6 _221 |
| 245 | 0 | 4 |
_aThe prevention of humanitarian emergencies / _cedited by E. Wayne Nafziger and Raimo Väyrynen. |
| 260 |
_aHoundmills, Basingstoke, Hampshire ; _aNew York : _bPalgrave in association with the United Nations University/World Institute for Development Economics Research, _c2002. |
||
| 300 |
_axvii, 322 p. : _bmap ; _c23 cm. |
||
| 336 |
_atext _btxt _2rdacontent |
||
| 337 |
_aunmediated _bn _2rdamedia |
||
| 338 |
_avolume _bnc _2rdacarrier |
||
| 504 | _aIncludes bibliographical references (p. 286-315) and index. | ||
| 505 | 8 | _aMachine generated contents note: I The Political Economy of Preventing lumanitarian -- Emergencies -- E. Wayne Nafziger -- Part I International Economic Responses -- 2 Macroeconomic Stabilization and Structural Adjustment -- Christopher Cramer and John Weeks -- 3 Global linkages. Vulnerable Economies and the Outbreak -- of Confict -- Valpy FitzGerald -- Part II Domestic Economic Responses -- 4 State Legitimacy, Tax Reform, and the Provision of Basic -- Services -- John 7bye -- 5 Agrarian Reform, Land Redistribution and Small-Farm Policy -- R. A. Berry -- 6 Protecting Environmental Resources and Preventing -- Land Degradation -- Gaim Kibreab -- Part III Governmental and Non-Governmental Strategies -- 7 Preventing Humanitarian Emergences: Human Security -- and Strategic Action -- Raimo Vayrynen. | |
| 650 | 0 | _aEconomic policy. | |
| 650 | 0 | _aSocial policy. | |
| 650 | 0 | _aHumanitarian assistance. | |
| 700 | 1 | _aNafziger, E. Wayne. | |
| 700 | 1 | _aVäyrynen, Raimo. | |
| 830 | 0 | _aStudies in development economics and policy. | |
| 856 | 4 | 2 |
_3Contributor biographical information _uhttp://www.loc.gov/catdir/bios/hol051/2001044719.html |
| 856 | 4 | 2 |
_3Publisher description _uhttp://www.loc.gov/catdir/description/hol021/2001044719.html |
| 856 | 4 | 1 |
_3Table of contents _uhttp://www.loc.gov/catdir/toc/fy02/2001044719.html |
| 906 |
_a7 _bcbc _corignew _d1 _eocip _f20 _gy-gencatlg |
||
| 942 |
_2lcc _cBK _n0 |
||
| 999 |
_c23685 _d23684 |
||